Freiheit und Begrenzung nach Übergriffen: Herausforderungen für die Eingliederungshilfe im Blick auf mögliche Täter:innen

Gespeichert in:  
Bibliographische Detailangaben
VerfasserInnen: Kuhn, Karolin (Verfasst von) ; Vandewiele, Wim (Verfasst von)
Medienart: Druck Aufsatz
Sprache:Deutsch
Veröffentlicht: 2024
In: Sexuelle Selbstbestimmung bei Menschen mit kognitiven Einschränkungen?
Jahr: 2024, Seiten: 347-358
Verfügbarkeit prüfen: HBZ Gateway
Schlagwörter:

MARC

LEADER 00000naa a2200000 c 4500
001 1912030209
003 DE-627
005 20241211115049.0
007 tu
008 241211s2024 xx ||||| 00| ||ger c
020 |a 9783756015979 
035 |a (DE-627)1912030209 
035 |a (DE-599)KXP1912030209 
040 |a DE-627  |b ger  |c DE-627  |e rda 
041 |a ger 
084 |a 2,1  |2 ssgn 
100 1 |a Kuhn, Karolin  |e VerfasserIn  |4 aut 
109 |a Kuhn, Karolin 
245 1 0 |a Freiheit und Begrenzung nach Übergriffen  |b Herausforderungen für die Eingliederungshilfe im Blick auf mögliche Täter:innen  |c Karolin Kuhn/Wim Vandewiele 
246 3 0 |a Täter Täterinnen 
264 1 |c 2024 
336 |a Text  |b txt  |2 rdacontent 
337 |a ohne Hilfsmittel zu benutzen  |b n  |2 rdamedia 
338 |a Band  |b nc  |2 rdacarrier 
650 4 |a Gewalt  |7 (dpeaa)DE-21/24-fid2,1 
650 4 |a Behinderung  |7 (dpeaa)DE-21/24-fid2,1 
650 4 |a Gewaltschutz  |7 (dpeaa)DE-21/24-fid2,1 
650 4 |a Sicherheit  |7 (dpeaa)DE-21/24-fid2,1 
650 4 |a Historische Entwicklung  |7 (dpeaa)DE-21/24-fid2,1 
650 4 |a Eingliederungshilfe  |7 (dpeaa)DE-21/24-fid2,1 
650 4 |a Handlungsbedarf  |7 (dpeaa)DE-21/24-fid2,1 
650 4 |a UN-Behindertenrechtskonvention  |7 (dpeaa)DE-21/24-fid2,1 
700 1 |a Vandewiele, Wim  |e VerfasserIn  |0 (DE-588)1256389633  |0 (DE-627)1800507305  |4 aut 
773 0 8 |i Enthalten in  |t Sexuelle Selbstbestimmung bei Menschen mit kognitiven Einschränkungen?  |b 1. Auflage  |d Baden-Baden : Nomos, 2024  |g (2024), Seite 347-358  |h 363 Seiten  |w (DE-627)189389262X  |z 9783756015979  |z 3756015971  |7 nnam 
773 1 8 |g year:2024  |g pages:347-358 
951 |a AR 
ELC |b 1 
LOK |0 000 xxxxxcx a22 zn 4500 
LOK |0 001 4634646951 
LOK |0 003 DE-627 
LOK |0 004 1912030209 
LOK |0 005 20241211115049 
LOK |0 008 241211||||||||||||||||ger||||||| 
LOK |0 040   |a DE-21-110  |c DE-627  |d DE-21-110 
LOK |0 852   |a DE-21-110 
LOK |0 852 1  |m p  |9 00 
LOK |0 938   |k p 
LOK |0 939   |a 11-12-24  |b l01 
ORI |a SA-MARC-krimdoka001.raw